| 000 | 01287cam a2200361 i 4500 | ||
|---|---|---|---|
| 001 | 20507565 | ||
| 003 | NUST | ||
| 005 | 20220827163433.0 | ||
| 008 | 180523s2018 nyua b 001 0 eng | ||
| 010 | _a 2018023750 | ||
| 020 | _a9780525522232 (hardcover) | ||
| 038 | _aAzhar | ||
| 040 |
_aDLC _beng _cDLC _erda _dDLC |
||
| 042 | _apcc | ||
| 050 | 0 | 0 |
_aBF637.T5 _bB349 2018 |
| 082 | 0 | 0 |
_a153.733 _223 _bBAI |
| 100 | 1 |
_aBailey, Chris, _d1989- _eauthor. _994677 |
|
| 245 | 1 | 0 |
_aHyperfocus : _bhow to be more productive in a world of distraction _cChris Bailey. |
| 260 |
_aNew York : _bViking, _c2018 |
||
| 300 |
_a241 pages : _billustrations ; _c24 cm |
||
| 336 |
_atext _btxt _2rdacontent |
||
| 337 |
_aunmediated _bn _2rdamedia |
||
| 338 |
_avolume _bnc _2rdacarrier |
||
| 504 | _aIncludes bibliographical references and index. | ||
| 563 | _aPB | ||
| 650 | 0 | _aTime management. | |
| 650 | 0 |
_aDistraction (Psychology) _994678 |
|
| 650 | 0 |
_aAttention. _994679 |
|
| 776 | 0 | 8 |
_iOnline version: _aBailey, Chris, 1989- author. _tHyperfocus _dNew York : Viking, [2018] _z9780525522249 _w(DLC) 2018025476 |
| 906 |
_a7 _bcbc _corignew _d1 _eecip _f20 _gy-gencatlg |
||
| 942 |
_2ddc _cLC |
||
| 999 |
_c590534 _d590534 |
||